00302cam a22000977a 4500008004000000082001600040100002400056245007000080260004300150300001100193180718b1965 xxu||||| |||| 00| 0 eng d aA75 B489SAN aRoy Chaudhury, P.C. aBihar district gazetteers: Santal Parganascby P.C. Roy Chaudhury aPatnabBihar District Gazetteersc1965 a997+p.